| 000 | 01691nam a22003734a 4500 | ||
|---|---|---|---|
| 001 | ebr10171652 | ||
| 003 | CaPaEBR | ||
| 006 | m u | ||
| 007 | cr cn||||||||| | ||
| 008 | 040423s2004 maua sb 001 0 eng | ||
| 010 | _z 2004050057 | ||
| 020 | _z9004124543 (hardback : acid-free paper) | ||
| 040 |
_aCaPaEBR _cCaPaEBR |
||
| 035 | _a(OCoLC)191940095 | ||
| 043 | _aa-sy--- | ||
| 050 | 1 | 4 |
_aNA1489.7.A43 _bW37 2004eb |
| 082 | 0 | 4 |
_a720/.95691/09031 _222 |
| 100 | 1 | _aWatenpaugh, Heghnar Zeitlian. | |
| 245 | 1 | 4 |
_aThe image of an Ottoman city _h[electronic resource] : _bimperial architecture and urban experience in Aleppo in the 16th and 17th centuries / _cby Heghnar Zeitlian Watenpaugh. |
| 260 |
_aLeiden ; _aBoston : _bBrill, _c2004. |
||
| 300 |
_axxi, 278 p. : _bill. |
||
| 490 | 1 |
_aThe Ottoman Empire and its heritage, _x1380-6076 ; _vv. 33 |
|
| 504 | _aIncludes bibliographical references (p. [251]-269) and index. | ||
| 533 |
_aElectronic reproduction. _bPalo Alto, Calif. : _cebrary, _d2013. _nAvailable via World Wide Web. _nAccess may be limited to ebrary affiliated libraries. |
||
| 650 | 0 |
_aArchitecture, Ottoman _zSyria _zAleppo. |
|
| 650 | 0 |
_aIslamic architecture _zSyria _zAleppo. |
|
| 650 | 0 |
_aArchitecture and state _zSyria _zAleppo _xHistory _y16th century. |
|
| 650 | 0 |
_aArchitecture and state _zSyria _zAleppo _xHistory _y17th century. |
|
| 651 | 0 |
_aAleppo (Syria) _xBuildings, structures, etc. |
|
| 655 | 7 |
_aElectronic books. _2local |
|
| 710 | 2 | _aebrary, Inc. | |
| 830 | 0 |
_aOttoman Empire and its heritage ; _vv. 33. |
|
| 856 | 4 | 0 |
_uhttp://site.ebrary.com/lib/rucke/Doc?id=10171652 _zAn electronic book accessible through the World Wide Web; click to view |
| 999 |
_c249242 _d249242 |
||